[Event "DEN-chT 2324 61st"]
[Site "Denmark"]
[Date "2024.01.28"]
[Round "6.7"]
[White "Ostergaard, Jens"]
[Black "Easwaralingam, Adesh"]
[Result "1-0"]
[WhiteElo "2278"]
[BlackElo "2156"]
[PlyCount "65"]
[EventDate "2023.10.28"]
[EventType "team-tourn"]
[EventRounds "9"]
[EventCountry "DEN"]
[SourceTitle "CB11_2024"]
[SourceDate "2024.03.13"]
[SourceVersion "1"]
[SourceVersionDate "2024.03.13"]
[SourceQuality "1"]
[WhiteTeam "Hillerod"]
[BlackTeam "Fredericia"]
[WhiteTeamCountry "DEN"]
[BlackTeamCountry "DEN"]

1. d4 Nf6 2. Nf3 d5 3. c4 e6 4. Nc3 Bb4 5. Bg5 h6 6. Bxf6 Qxf6 7. Qa4+ Nc6 8. cxd5 exd5 9. e3 0-0 10. Be2 Bd7 11. Qb3 Qd6 12. 0-0 Bxc3 13. Qxc3 Rac8 14. Rac1 Rfd8 15. Ne1 Nb4 16. Qb3 Qb6 17. Nf3 Be6 18. a3 Na6 19. Qb5 c5 20. dxc5 Qxb5 21. Bxb5 Nxc5 22. Nd4 Bg4 23. f3 Bh5 24. b4 Ne6 25. Nxe6 fxe6 26. Bd7 Rxc1 27. Bxe6+ Bf7 28. Bxf7+ Kxf7 29. Rxc1 Rd7 30. Kf1 Ke6 31. Ke2 Kd6 32. Kd3 Rf7 33. Kd4 1-0

[Event "DEN-chT 2324 61st"]
[Site "Denmark"]
[Date "2023.11.26"]
[Round "3.7"]
[White "Jensen, Tobias Ilsoe"]
[Black "Ostergaard, Jens"]
[Result "0-1"]
[WhiteElo "2189"]
[BlackElo "2278"]
[PlyCount "104"]
[EventDate "2023.10.28"]
[EventType "team-tourn"]
[EventRounds "9"]
[EventCountry "DEN"]
[SourceTitle "CB11_2024"]
[SourceDate "2024.03.13"]
[SourceVersion "1"]
[SourceVersionDate "2024.03.13"]
[SourceQuality "1"]
[WhiteTeam "Frem"]
[BlackTeam "Hillerod"]
[WhiteTeamCountry "DEN"]
[BlackTeamCountry "DEN"]

1. d4 Nf6 2. c4 e6 3. Nc3 c5 4. d5 exd5 5. cxd5 d6 6. e4 g6 7. Nge2 Bg7 8. Ng3 0-0 9. Be2 Na6 10. 0-0 Nc7 11. Be3 Rb8 12. e5 Nd7 13. exd6 Ne8 14. Nge4 b6 15. Nb5 Ra8 16. b4 cxb4 17. Rc1 Bb7 18. Ng5 Nc5 19. Rxc5 bxc5 20. Ne6 Qc8 21. Nxc5 Nf6 22. d7 Qb8 23. Bf4 Qxf4 24. Nxb7 Nxd7 25. Qb3 Rfb8 26. Na5 a6 27. g3 Qe5 28. Nc6 Qxe2 29. Nc7 Rf8 30. Qxb4 Nf6 31. Re1 Qxa2 32. d6 a5 33. Qb7 Qd2 34. Re7 Ng4 35. Qb6 Qxd6 36. Nxa8 Rxa8 37. Qb7 Rf8 38. Rd7 Qc5 39. Ne7+ Kh8 40. Qa7 Qc1+ 41. Kg2 Qb2 42. Nc6 Ne5 43. Nxe5 Qxe5 44. Kg1 Kg8 45. h4 Qe1+ 46. Kh2 a4 47. Kg2 Qb4 48. Rd3 Qe4+ 49. Rf3 h5 50. Qc7 Kh7 51. Qd6 Rc8 52. Qa3 Rc3 0-1

[Event "Copenhagen GoAudit op"]
[Site "Copenhagen"]
[Date "2023.11.11"]
[Round "4"]
[White "Ostergaard, Jens"]
[Black "Andries, Alf"]
[Result "0-1"]
[WhiteElo "2278"]
[BlackElo "2057"]
[PlyCount "132"]
[EventDate "2023.11.10"]
[EventType "swiss"]
[EventRounds "7"]
[EventCountry "DEN"]
[SourceTitle "CB47_2023"]
[SourceDate "2023.11.22"]
[SourceVersion "1"]
[SourceVersionDate "2023.11.22"]
[SourceQuality "1"]

1. d4 Nf6 2. Nf3 e6 3. c4 Bb4+ 4. Bd2 Qe7 5. g3 Bxd2+ 6. Nbxd2 d6 7. e4 e5 8. d5 a5 9. Bg2 0-0 10. 0-0 Na6 11. Ne1 Nc5 12. b3 Bg4 13. f3 Bd7 14. a3 h5 15. h4 c6 16. b4 axb4 17. axb4 Na6 18. dxc6 bxc6 19. Nd3 d5 20. c5 Nxb4 21. Nf2 Qxc5 22. Nb3 Qc2 23. Qxc2 Nxc2 24. Rxa8 Rxa8 25. Nd3 Ne3 26. Re1 Nxg2 27. Kxg2 Ra2+ 28. Kg1 dxe4 29. fxe4 Ng4 30. Nbc5 Ra3 31. Rd1 Be6 32. Nxe6 fxe6 33. Rd2 Rc3 34. Kf1 c5 35. Ke2 c4 36. Nc5 Re3+ 37. Kd1 Rxg3 38. Nxe6 c3 39. Rd8+ Kf7 40. Ng5+ Ke7 41. Rc8 Kd7 42. Rc5 Kd6 43. Rc8 Rg1+ 44. Ke2 Rg2+ 45. Kd3 Rg3+ 46. Kc2 Ne3+ 47. Kxc3 Nf5+ 48. Kc4 Nxh4 49. Nf7+ Ke6 50. Rc7 Ng2 51. Nd8+ Kf6 52. Rf7+ Kg6 53. Re7 Rg5 54. Kd5 Ne3+ 55. Kd6 h4 56. Ne6 Rh5 57. Nf8+ Kh6 58. Re6+ Kg5 59. Kxe5 Kg4+ 60. Kd4 Kf3 61. Ng6 h3 62. Ne5+ Ke2 63. Ra6 Nc2+ 64. Kc3 h2 65. Ra2 Rh3+ 66. Kc4 Kd2 0-1

[Event "Nordsjalland Weekend op-A"]
[Site "Allerod"]
[Date "2023.01.07"]
[Round "3"]
[White "Ostergaard, Jens"]
[Black "Moe, Mogens"]
[Result "1-0"]
[WhiteElo "2273"]
[BlackElo "2171"]
[PlyCount "61"]
[EventDate "2023.01.06"]
[EventType "swiss"]
[EventRounds "5"]
[EventCountry "DEN"]
[SourceTitle "EXT 2024"]
[Source "ChessBase"]
[SourceDate "2023.10.10"]
[SourceVersion "1"]
[SourceVersionDate "2023.10.10"]
[SourceQuality "1"]

1. d4 Nf6 2. Nf3 g6 3. c4 Bg7 4. Nc3 d5 5. cxd5 Nxd5 6. e4 Nxc3 7. bxc3 c5 8. Bb5+ Nc6 9. 0-0 0-0 10. Be3 Qa5 11. Rb1 a6 12. Be2 Rd8 13. d5 Bxc3 14. Qb3 Nd4 15. Nxd4 cxd4 16. Bg5 Qc5 17. a4 Qd6 18. Bc1 e5 19. f4 f5 20. Ba3 Qf6 21. Be7 Qxe7 22. d6+ Qe6 23. Bc4 Rxd6 24. fxe5 Rc6 25. Bd5 Kh8 26. Bxe6 Bxe6 27. Qxb7 Rac8 28. Qe7 d3 29. Rb7 Bd4+ 30. Kh1 Bxe5 31. Qxh7# 1-0

[Event "DEN-chT 2122 59th"]
[Site "Denmark"]
[Date "2022.03.20"]
[Round "9.5"]
[White "Rostgaard, Tobias Valentin"]
[Black "Ostergaard, Jens"]
[Result "1/2-1/2"]
[WhiteElo "2343"]
[BlackElo "2230"]
[PlyCount "108"]
[EventDate "2021.10.30"]
[EventType "team-tourn"]
[EventRounds "9"]
[EventCountry "DEN"]
[SourceTitle "EXT 2023"]
[Source "ChessBase"]
[SourceDate "2022.10.05"]
[SourceVersion "1"]
[SourceVersionDate "2022.10.05"]
[SourceQuality "1"]
[WhiteTeam "Skanderborg Nordea"]
[BlackTeam "Hillerod"]
[WhiteTeamCountry "DEN"]
[BlackTeamCountry "DEN"]

1. d4 Nf6 2. Nc3 d5 3. Bf4 e6 4. e3 a6 5. Nf3 c5 6. Be2 Nc6 7. 0-0 h6 8. h3 Bd6 9. dxc5 Bxc5 10. Bd3 Nb4 11. a3 Nxd3 12. cxd3 0-0 13. Rc1 Ba7 14. Qb3 Bb8 15. Ne5 d4 16. Ne2 Nd5 17. Nc4 dxe3 18. fxe3 Nxf4 19. Nxf4 b5 20. Nd2 Ba7 21. Rce1 e5 22. Ng6 Be6 23. Qxe6 fxe6 24. Rxf8+ Qxf8 25. Nxf8 Rxf8 26. Nf3 Rc8 27. Kf2 Bb8 28. Re2 Rc1 29. Ne1 Ba7 30. Kf3 Kf7 31. Ke4 Bb8 32. Nf3 Rc5 33. Rf2 Ke7 34. Nh4 Bd6 35. Ng6+ Ke8 36. g3 b4 37. axb4 Rb5 38. Rc2 Kf7 39. Nh4 Rxb4+ 40. Kf3 a5 41. e4 Rb5 42. Ng2 Rc5 43. Ne3 Rxc2 44. Nxc2 a4 45. Na3 Bc5 46. Nb5 Bb4 47. Ke2 Kf6 48. Kd1 h5 49. Ke2 Ke7 50. d4 exd4 51. e5 g5 52. g4 hxg4 53. hxg4 Kd7 54. Nxd4 a3 1/2-1/2

[Event "Copenhagen GoAudit op"]
[Site "Copenhagen"]
[Date "2021.11.13"]
[Round "5"]
[White "Fries Nielsen, Jens Ove"]
[Black "Ostergaard, Jens"]
[Result "1-0"]
[WhiteElo "2383"]
[BlackElo "2230"]
[PlyCount "101"]
[EventDate "2021.11.12"]
[EventType "swiss"]
[EventRounds "7"]
[EventCountry "DEN"]
[SourceTitle "CBM 205 Extra"]
[Source "ChessBase"]
[SourceDate "2022.01.31"]
[SourceVersion "1"]
[SourceVersionDate "2022.01.31"]
[SourceQuality "1"]

1. e4 c5 2. Nf3 Nc6 3. Bc4 d6 4. d4 cxd4 5. Nxd4 Nf6 6. Nc3 e6 7. Be3 Be7 8. Qe2 0-0 9. 0-0-0 Nxd4 10. Bxd4 Qa5 11. Rhg1 Bd7 12. g4 b5 13. g5 Ne8 14. Bxb5 Bxb5 15. Qxb5 Qc7 16. Rd3 d5 17. exd5 Qxh2 18. Rdd1 Nd6 19. Qe2 Qf4+ 20. Kb1 Nf5 21. Be5 Qb4 22. dxe6 fxe6 23. Qa6 Qb6 24. Qxb6 axb6 25. Nb5 Ra5 26. c4 Bc5 27. Rgf1 Raa8 28. Nc7 Rac8 29. b3 Kf7 30. Rd7+ Be7 31. Nb5 Kg6 32. f4 Rf7 33. Rfd1 Bc5 34. Rxf7 Kxf7 35. Rd7+ Kg6 36. Nc7 h5 37. gxh6 gxh6 38. Nxe6 h5 39. Ng5 h4 40. Kc2 b5 41. Kd3 bxc4+ 42. bxc4 Ra8 43. Rc7 Be7 44. Ke4 Ng3+ 45. Kf3 Ra3+ 46. Kg4 Nf5 47. Rc6+ Bd6 48. Rxd6+ Nxd6 49. Bxd6 Rxa2 50. f5+ Kh6 51. Bf8# 1-0

[Event "Copenhagen GoAudit op"]
[Site "Copenhagen"]
[Date "2021.11.12"]
[Round "2"]
[White "Ostergaard, Jens"]
[Black "Sorensen, Reto Utiger"]
[Result "1-0"]
[WhiteElo "2230"]
[BlackElo "1985"]
[PlyCount "71"]
[EventDate "2021.11.12"]
[EventType "swiss"]
[EventRounds "7"]
[EventCountry "DEN"]
[SourceTitle "CBM 205 Extra"]
[Source "ChessBase"]
[SourceDate "2022.01.31"]
[SourceVersion "1"]
[SourceVersionDate "2022.01.31"]
[SourceQuality "1"]

1. d4 d5 2. Nf3 Nf6 3. c4 e6 4. g3 Be7 5. Bg2 a6 6. 0-0 0-0 7. Qc2 Nc6 8. a3 Bd7 9. Rd1 Rb8 10. cxd5 exd5 11. Bf4 g6 12. Ne5 Bf5 13. Qc1 Na7 14. Nd2 Nb5 15. Nb3 Rc8 16. Nc5 Nd6 17. b4 c6 18. a4 Qb6 19. Qb2 Rfe8 20. a5 Qc7 21. f3 h5 22. Re1 Qd8 23. e4 dxe4 24. fxe4 Bg4 25. Nxg4 Nxg4 26. h3 Nc4 27. Qc3 g5 28. hxg4 gxf4 29. Qxc4 fxg3 30. Rf1 Rf8 31. gxh5 Bg5 32. Ra3 Qe7 33. Rxg3 Kh8 34. e5 Rcd8 35. Ne4 Bh6 36. Nf6 1-0

[Event "DEN Club Cup"]
[Site "Koge"]
[Date "2021.06.26"]
[Round "2.4"]
[White "Ramsdal, Jens Albert"]
[Black "Ostergaard, Jens"]
[Result "1-0"]
[WhiteElo "2263"]
[BlackElo "2226"]
[PlyCount "89"]
[EventDate "2021.06.25"]
[EventType "team-tourn"]
[EventRounds "5"]
[EventCountry "DEN"]
[SourceTitle "EXT 2023"]
[Source "ChessBase"]
[SourceDate "2022.10.05"]
[SourceVersion "1"]
[SourceVersionDate "2022.10.05"]
[SourceQuality "1"]
[WhiteTeam "Copenhagen 68"]
[BlackTeam "Hillerod"]
[WhiteTeamCountry "DEN"]
[BlackTeamCountry "DEN"]

1. d4 Nf6 2. c4 e6 3. Nc3 d5 4. cxd5 exd5 5. Bg5 Be7 6. e3 c6 7. Bd3 0-0 8. Qc2 Nbd7 9. Nge2 Re8 10. h3 Nf8 11. 0-0-0 Be6 12. g4 Rc8 13. Ng3 b5 14. Kb1 Rc7 15. Bf4 Rb7 16. g5 N6d7 17. h4 Nb6 18. Rdg1 g6 19. h5 Bd6 20. hxg6 fxg6 21. Rh6 Rg7 22. b3 a5 23. Bxd6 Qxd6 24. Nce4 dxe4 25. Nxe4 Qd8 26. Nf6+ Kf7 27. Qxc6 Nd5 28. Nxe8 Qxe8 29. Qxe8+ Kxe8 30. Bxb5+ Bd7 31. Bc4 Bc6 32. Rh4 Re7 33. Kb2 Nb6 34. Rc1 Kd7 35. d5 Nxc4+ 36. bxc4 Bb7 37. e4 Re5 38. c5 Ke7 39. Kc3 Rxg5 40. Kd4 Rg2 41. c6 Ba6 42. Rf4 g5 43. d6+ Kxd6 44. Rxf8 h5 45. c7 1-0

[Event "DEN-chT 1920 58th"]
[Site "Denmark"]
[Date "2020.09.06"]
[Round "9.1"]
[White "Andersen, Jackie"]
[Black "Ostergaard, Jens"]
[Result "1-0"]
[WhiteElo "2399"]
[BlackElo "2228"]
[PlyCount "59"]
[EventDate "2019.11.23"]
[EventType "team-tourn"]
[EventRounds "9"]
[EventCountry "DEN"]
[SourceTitle "EXT 2021"]
[Source "ChessBase"]
[SourceDate "2020.10.23"]
[SourceVersion "1"]
[SourceVersionDate "2020.10.23"]
[SourceQuality "1"]
[WhiteTeam "Skanderborg Nordea"]
[BlackTeam "Hillerod"]
[WhiteTeamCountry "DEN"]
[BlackTeamCountry "DEN"]

1. d4 Nf6 2. Nf3 g6 3. g3 Bg7 4. Bg2 0-0 5. 0-0 d6 6. c4 Nc6 7. a3 e5 8. d5 Nb8 9. Nc3 a5 10. c5 Na6 11. cxd6 cxd6 12. h3 Bd7 13. Be3 b5 14. Nd2 a4 15. Rc1 Qb8 16. g4 h6 17. Na2 Qb7 18. Nb1 Kh7 19. Qd2 Rfc8 20. Nb4 e4 21. Nxa6 Qxa6 22. Bd4 Rc4 23. Rxc4 bxc4 24. Nc3 Rb8 25. Bxe4 Qb7 26. Bc2 Ne8 27. Bxg7 Kxg7 28. Qd4+ Nf6 29. Rb1 Qa6 30. Ne4 1-0

[Event "DEN-chT 1920 58th"]
[Site "Denmark"]
[Date "2020.09.05"]
[Round "8.2"]
[White "Ostergaard, Jens"]
[Black "Vinter Schou, Uffe"]
[Result "1/2-1/2"]
[WhiteElo "2228"]
[BlackElo "2361"]
[PlyCount "140"]
[EventDate "2019.11.23"]
[EventType "team-tourn"]
[EventRounds "9"]
[EventCountry "DEN"]
[SourceTitle "EXT 2021"]
[Source "ChessBase"]
[SourceDate "2020.10.23"]
[SourceVersion "1"]
[SourceVersionDate "2020.10.23"]
[SourceQuality "1"]
[WhiteTeam "Hillerod"]
[BlackTeam "Aarhus/Skolerne"]
[WhiteTeamCountry "DEN"]
[BlackTeamCountry "DEN"]

1. d4 Nf6 2. Nf3 c5 3. d5 g6 4. c4 Bg7 5. Nc3 0-0 6. e4 d6 7. h3 e6 8. Bd3 Na6 9. 0-0 Nc7 10. Bg5 h6 11. Bh4 exd5 12. cxd5 g5 13. Bg3 g4 14. hxg4 Bxg4 15. Be2 Re8 16. Nh4 Bxe2 17. Qxe2 b5 18. Nf5 b4 19. Nxd6 bxc3 20. bxc3 Ncxd5 21. Qf3 Nxc3 22. Nxe8 Qxe8 23. e5 Nfe4 24. Rfe1 Qa4 25. Rac1 Rc8 26. Rxc3 Nxc3 27. Qxc3 Qxa2 28. Ra1 Qd5 29. Rxa7 c4 30. Ra1 Rc5 31. Rc1 h5 32. Bf4 Qe4 33. Qe3 Qxe3 34. Bxe3 Rc6 35. Bd4 Bh6 36. Rc2 Kh7 37. Kf1 Kg6 38. Ke2 Kf5 39. Kf3 Bf4 40. Re2 c3 41. Rc2 Rc4 42. Bb6 Bxe5 43. Ke3 Rb4 44. Ba5 Rb2 45. Kd3 Rxc2 46. Kxc2 Bd4 47. Bxc3 Bxf2 48. Kd3 Kg4 49. Ke2 Kg3 50. Kf1 Be3 51. Bf6 Bc5 52. Be5+ Kg4 53. Bf6 Bb6 54. Ke2 Kg3 55. Kf1 Be3 56. Be7 f5 57. Bf6 Kg4 58. Ke2 Bg5 59. Be5 Be7 60. Kf1 Bc5 61. Ke2 f4 62. Bc7 Be3 63. Bd6 Kg3 64. Kf1 h4 65. Be5 Kg4 66. Bf6 Bc5 67. Be5 f3 68. gxf3+ Kxf3 69. Bf6 h3 70. Be5 Be3 1/2-1/2

[Event "DEN-chT 1819 57th"]
[Site "Denmark"]
[Date "2018.11.18"]
[Round "3"]
[White "Ostergaard, Jens"]
[Black "Skaanning Pedersen, Kim Henrik"]
[Result "1-0"]
[WhiteElo "2225"]
[BlackElo "2216"]
[PlyCount "72"]
[EventDate "2018.10.27"]
[EventType "team-tourn"]
[EventRounds "9"]
[EventCountry "DEN"]
[SourceTitle "CBM 188 Extra"]
[Source "ChessBase"]
[SourceDate "2019.02.26"]
[SourceVersion "1"]
[SourceVersionDate "2019.02.26"]
[SourceQuality "1"]
[WhiteTeam "Hillerod"]
[BlackTeam "Evans"]
[WhiteTeamCountry "DEN"]
[BlackTeamCountry "DEN"]

1. d4 g6 2. c4 Bg7 3. e4 Nc6 4. Nf3 e5 5. Be3 d6 6. Nc3 Bg4 7. d5 Nd4 8. Be2 Bxf3 9. Bxf3 c5 10. dxc6 bxc6 11. 0-0 Ne7 12. c5 Nxf3+ 13. Qxf3 d5 14. exd5 cxd5 15. Bg5 d4 16. Bxe7 Kxe7 17. Qb7+ Kf8 18. Ne4 Qc8 19. Qd5 Rb8 20. Qd6+ Kg8 21. c6 h6 22. Rac1 Rb6 23. Qd5 Kh7 24. c7 Qa6 25. Qd7 Qc8 26. Qxf7 Rf8 27. Qe7 Re6 28. Qc5 Rfe8 29. Qxa7 Bf8 30. Qa4 R8e7 31. Qc4 Rb6 32. Rc2 h5 33. Rfc1 Bh6 34. Qc5 Ree6 35. Rd1 Ra6 36. Qd5 Bf8 1-0

[Event "DEN-chT 1819 57th"]
[Site "Denmark"]
[Date "2018.10.27"]
[Round "1"]
[White "Hansen, Lars Bo"]
[Black "Ostergaard, Jens"]
[Result "1/2-1/2"]
[WhiteElo "2560"]
[BlackElo "2225"]
[PlyCount "116"]
[EventDate "2018.10.27"]
[EventType "team-tourn"]
[EventRounds "9"]
[EventCountry "DEN"]
[SourceTitle "CBM 188 Extra"]
[Source "ChessBase"]
[SourceDate "2019.02.26"]
[SourceVersion "1"]
[SourceVersionDate "2019.02.26"]
[SourceQuality "1"]
[WhiteTeam "Copenhagen 68"]
[BlackTeam "Hillerod"]
[WhiteTeamCountry "DEN"]
[BlackTeamCountry "DEN"]

1. d4 Nf6 2. Bg5 Ne4 3. Bf4 c5 4. f3 Qa5+ 5. c3 Nf6 6. d5 e6 7. e4 Qb6 8. Na3 Nh5 9. Nc4 Qd8 10. Be3 d6 11. a4 e5 12. Ne2 g6 13. g4 Nf6 14. h4 h5 15. g5 Nfd7 16. f4 Nb6 17. Nxb6 axb6 18. fxe5 dxe5 19. Bh3 Bxh3 20. Rxh3 c4 21. b4 cxb3 22. Qxb3 Nd7 23. Nc1 Bd6 24. Nd3 0-0 25. Rg3 Qc7 26. Rb1 Ra6 27. Rg2 Rfa8 28. Ra2 Rc8 29. Kd2 Qc4 30. Qxc4 Rxc4 31. Nb4 Ra5 32. Kd3 Rc8 33. Nc2 Nc5+ 34. Bxc5 Bxc5 35. Rb5 Ra7 36. Na1 Rca8 37. Nb3 Bg1 38. Rg2 Bc5 39. Nxc5 bxc5 40. Rxc5 Rxa4 41. Rb2 Ra1 42. Rxb7 Rh1 43. Rcc7 Rf8 44. Re7 Rxh4 45. d6 Rh1 46. d7 Kg7 47. Rxe5 h4 48. Ke2 h3 49. Kf2 Rc1 50. Re8 Rd1 51. Rxf8 Kxf8 52. Kg3 Ke7 53. Kxh3 Kd8 54. Kg4 Rc1 55. Kf4 Rxc3 56. Ke5 Rc6 57. Ra7 Re6+ 58. Kd5 Rb6 1/2-1/2

[Event "DEN-chT 1718 56th"]
[Site "Denmark"]
[Date "2018.03.11"]
[Round "9.4"]
[White "Schwarz, Frank"]
[Black "Ostergaard, Jens"]
[Result "0-1"]
[WhiteElo "2237"]
[BlackElo "2220"]
[PlyCount "70"]
[EventDate "2017.11.18"]
[EventType "team-tourn"]
[EventRounds "9"]
[EventCountry "DEN"]
[SourceTitle "EXT 2019"]
[Source "ChessBase"]
[SourceDate "2018.10.10"]
[SourceVersion "1"]
[SourceVersionDate "2018.10.10"]
[SourceQuality "1"]
[WhiteTeam "BOV"]
[BlackTeam "Hillerod"]
[WhiteTeamCountry "DEN"]
[BlackTeamCountry "DEN"]

1. c4 Nf6 2. g3 c5 3. Bg2 Nc6 4. Nc3 g6 5. e4 d6 6. Nge2 Bg7 7. d3 0-0 8. 0-0 Bd7 9. h3 Ne8 10. Be3 Nd4 11. f4 Bc6 12. f5 a6 13. g4 b5 14. Qd2 Rb8 15. Rf2 Nxe2+ 16. Rxe2 Qb6 17. Rc1 Nf6 18. cxb5 axb5 19. e5 b4 20. Nd1 Nd5 21. f6 exf6 22. exd6 Nxe3 23. Qxe3 f5 24. Qf4 Bxg2 25. Kxg2 fxg4 26. hxg4 Rbd8 27. Nf2 Rxd6 28. Ne4 Rxd3 29. Nxc5 Rd4 30. Qf3 Rc8 31. Nd7 Qd8 32. Re7 Qxe7 33. Rxc8+ Bf8 34. Rxf8+ Kg7 35. Rc8 Qxd7 0-1

[Event "DEN-chT 1718 56th"]
[Site "Denmark"]
[Date "2017.12.17"]
[Round "4.3"]
[White "Ostergaard, Jens"]
[Black "Kristensen, Kaare Hove"]
[Result "1/2-1/2"]
[WhiteElo "2220"]
[BlackElo "2318"]
[PlyCount "39"]
[EventDate "2017.11.18"]
[EventType "team-tourn"]
[EventRounds "9"]
[EventCountry "DEN"]
[SourceTitle "EXT 2019"]
[Source "ChessBase"]
[SourceDate "2018.10.10"]
[SourceVersion "1"]
[SourceVersionDate "2018.10.10"]
[SourceQuality "1"]
[WhiteTeam "Hillerod"]
[BlackTeam "Nordkalotten"]
[WhiteTeamCountry "DEN"]
[BlackTeamCountry "DEN"]

1. d4 d5 2. c4 c6 3. cxd5 cxd5 4. Bf4 Nf6 5. e3 Nc6 6. Nc3 Bf5 7. Qb3 Na5 8. Qa4+ Bd7 9. Qc2 Rc8 10. Bd3 e6 11. Nf3 b5 12. Qe2 Nc4 13. 0-0 Be7 14. h3 0-0 15. Rfc1 b4 16. Nb1 Ne5 17. Rxc8 Nxf3+ 18. Qxf3 Qxc8 19. Nd2 Qb7 20. Qd1 1/2-1/2